| 000 | 00577nam a22002057a 4500 | ||
|---|---|---|---|
| 005 | 20251108165335.0 | ||
| 008 | 250721s1984 xx 000 0 ara d | ||
| 082 | 1 | 4 | _a956.93/داو |
| 100 | 1 | _aسنقرط، داوود عبد العفو | |
| 245 | 1 | 0 | _aجذور الفكر اليهودي / |
| 250 | _aط2 | ||
| 264 | 1 |
_aعمتن : _bدار الفرقان، _c1984. |
|
| 300 | _a138ص | ||
| 490 | 0 | _aأبناء يهوذا في الخفاء ؛1 | |
| 650 | 1 | 7 | _aاليهود |
| 650 | 1 | 7 | _aالتاريخ |
| 650 | 1 | 7 | _aالتوراة |
| 942 |
_2ddc _cBK |
||
| 999 |
_c25514 _d25514 |
||